铭刻于心的贤者格言 (Record no. 68246)

000 -LEADER
fixed length control field 00486nam a22001817a 4500
003 - CONTROL NUMBER IDENTIFIER
control field MPLRDC
005 - DATE AND TIME OF LATEST TRANSACTION
control field 20220104203705.0
008 - FIXED-LENGTH DATA ELEMENTS--GENERAL INFORMATION
fixed length control field 210129b ||||| |||| 00| 0 eng d
020 ## - INTERNATIONAL STANDARD BOOK NUMBER
International Standard Book Number 978-986-177-927-0
082 ## - DEWEY DECIMAL CLASSIFICATION NUMBER
Classification number 192.8 ZXC
100 ## - MAIN ENTRY--PERSONAL NAME
Personal name 植西聪 UENISHI AKIRA
245 ## - TITLE STATEMENT
Title 铭刻于心的贤者格言
Statement of responsibility, etc. 吴俞青 译
250 ## - EDITION STATEMENT
Edition statement 初版
260 ## - PUBLICATION, DISTRIBUTION, ETC.
Place of publication, distribution, etc. 台湾
Name of publisher, distributor, etc. 晨星出版有限公司
Date of publication, distribution, etc. 2014
300 ## - PHYSICAL DESCRIPTION
Other physical details
650 ## - SUBJECT ADDED ENTRY--TOPICAL TERM
Topical term or geographic name entry element 格言;箴言;金言
942 ## - ADDED ENTRY ELEMENTS (KOHA)
Koha item type New Book
-- 192.8 ZXC
Holdings
Withdrawn status Lost status Source of classification or shelving scheme Damaged status Not for loan Collection code Home library Current library Shelving location Date acquired Cost, normal purchase price Total Checkouts Full call number Barcode Date last seen Date last checked out Price effective from Koha item type Public note
            Malaysian Public Library, Research and Development Centre Malaysian Public Library, Research and Development Centre   06/09/2018 40.00   192.8 ZXC 00061764 18/03/2021 06/09/2018 18/03/2021 Book mplrdc

© 2022. Malaysian Public Library, Research and Development Centre. All Right ReservedE-mailmplrdc@help.edu.my 

Powered by Koha